[Event "La Fere op 11th"]
[Site "La Fere"]
[Date "2012.07.08"]
[Round "2"]
[White "Teodorczyk, Ludovic"]
[Black "Gaudin, Roger"]
[Result "1-0"]
[WhiteElo "1731"]
[BlackElo "1506"]
[PlyCount "83"]
[EventDate "2012.07.07"]
[EventType "swiss"]
[EventRounds "9"]
[EventCountry "FRA"]
[SourceTitle "CBM 149 Extra"]
[Source "ChessBase"]
[SourceDate "2012.08.24"]
[SourceVersion "1"]
[SourceVersionDate "2012.08.24"]
[SourceQuality "1"]

1. d4 d5 2. c4 c6 3. Nc3 Nf6 4. e3 e6 5. Bd3 dxc4 6. Bxc4 Nbd7 7. Nf3 Bd6 8. 0-0 0-0 9. e4 Bc7 10. h3 c5 11. Qe2 cxd4 12. Nxd4 Ne5 13. Be3 a6 14. Rad1 Nxc4 15. Qxc4 Qd6 16. f4 Qe7 17. Nb3 Rd8 18. Bc5 Qe8 19. Be3 Bd7 20. Qxc7 Bc6 21. Rxd8 Rxd8 22. Qe5 Nd7 23. Qg5 Nf6 24. Bd4 h6 25. Qg3 Nh5 26. Qe3 f5 27. exf5 Qf8 28. Qxe6+ Kh8 29. Qg6 Nf6 30. Bxf6 gxf6 31. Kh2 Rd7 32. Rf2 Rh7 33. Nd4 Be8 34. Qg3 Rg7 35. Qf3 Qd6 36. Ne6 Rg8 37. Qd5 Qb6 38. Qd4 Qc6 39. Qxf6+ Kh7 40. Nf8+ Rxf8 41. Qxf8 Qb6 42. f6 1-0

[Event "La Fere op 10th"]
[Site "La Fere"]
[Date "2011.07.04"]
[Round "3.36"]
[White "Gaudin, Roger"]
[Black "Wolfangel, Claude"]
[Result "0-1"]
[WhiteElo "1535"]
[BlackElo "1751"]
[PlyCount "56"]
[EventDate "2011.07.02"]
[EventType "swiss"]
[EventRounds "9"]
[EventCountry "FRA"]
[SourceTitle "EXT 2012"]
[Source "ChessBase"]
[SourceDate "2011.11.24"]
[SourceVersion "1"]
[SourceVersionDate "2011.11.24"]
[SourceQuality "1"]

1. d4 d5 2. c4 e6 3. Nc3 Nf6 4. e3 a6 5. a4 c5 6. cxd5 exd5 7. Nge2 Nc6 8. dxc5 Bxc5 9. Nf4 d4 10. exd4 Qxd4 11. Qe2+ Qe5 12. Nfd5 Nxd5 13. Nxd5 0-0 14. Qxe5 Nxe5 15. Be2 Rd8 16. Nc3 Bf5 17. 0-0 Bd3 18. Bf4 Bxe2 19. Nxe2 Nd3 20. b3 Re8 21. Rad1 Nxf2 22. Rxf2 Rxe2 23. Bg3 Rae8 24. Kf1 Bxf2 25. Bxf2 Rb2 26. Rd3 Rb1+ 27. Be1 Rbxe1+ 28. Kf2 g5 0-1

[Event "Massy op"]
[Site "Massy"]
[Date "2010.06.??"]
[Round "?"]
[White "Gaudin, Roger"]
[Black "Laigle, Corinne"]
[Result "1-0"]
[WhiteElo "1597"]
[BlackElo "1160"]
[PlyCount "63"]
[EventDate "2010.06.??"]
[EventType "swiss"]
[EventRounds "7"]
[EventCountry "FRA"]
[SourceTitle "EXT 2011"]
[Source "ChessBase"]
[SourceDate "2010.11.26"]
[SourceVersion "1"]
[SourceVersionDate "2010.11.26"]
[SourceQuality "1"]

1. d4 d5 2. c4 c6 3. Nc3 Nf6 4. Bg5 Ng4 5. e3 h6 6. Bh4 g5 7. Bg3 Nd7 8. Qxg4 Nf6 9. Qd1 Bg7 10. Bd3 0-0 11. Be5 b5 12. cxd5 cxd5 13. Bxb5 a6 14. Qa4 Bd7 15. Bxd7 Nxd7 16. Bxg7 Kxg7 17. Nxd5 Nb6 18. Nxb6 Qxb6 19. Qb3 Qc7 20. Ne2 Qa5+ 21. Qc3 Qd5 22. 0-0 g4 23. Nf4 Qe4 24. Qd3 Qc6 25. Rfc1 Qf6 26. Nh5+ Kg8 27. Nxf6+ exf6 28. Qf5 Rfb8 29. Qxf6 Rxb2 30. Rc7 Rab8 31. Qxf7+ Kh8 32. Qg7# 1-0

[Event "Massy op"]
[Site "Massy"]
[Date "2010.06.??"]
[Round "?"]
[White "Gaudin, Roger"]
[Black "Saunier, Jean Francois"]
[Result "1/2-1/2"]
[WhiteElo "1597"]
[BlackElo "1729"]
[PlyCount "140"]
[EventDate "2010.06.??"]
[EventType "swiss"]
[EventRounds "7"]
[EventCountry "FRA"]
[SourceTitle "EXT 2011"]
[Source "ChessBase"]
[SourceDate "2010.11.26"]
[SourceVersion "1"]
[SourceVersionDate "2010.11.26"]
[SourceQuality "1"]

1. d4 Nf6 2. c4 g6 3. Nc3 Bg7 4. e4 d6 5. Nf3 Nbd7 6. Bd3 0-0 7. Bg5 h6 8. Bh4 g5 9. Bg3 Re8 10. Bc2 Nf8 11. h4 g4 12. Nh2 h5 13. f3 Bh6 14. Ne2 Bd7 15. Bf4 Bxf4 16. Nxf4 e5 17. Nd5 Nxd5 18. cxd5 Qxh4+ 19. Ke2 Qg3 20. Kf1 Ng6 21. dxe5 Rxe5 22. Qe1 Qf4 23. Kg1 Rae8 24. Nf1 gxf3 25. Qf2 fxg2 26. Kxg2 Rg5+ 27. Ng3 Nh4+ 28. Rxh4 Qxh4 29. Rg1 Qg4 30. Kf1 Bb5+ 31. Ke1 Rxd5 32. Ne2 Rg5 33. Rxg4 Rxg4 34. Nd4 Bd7 35. Nf5 Bxf5 36. Qxf5 Re5 37. Qc8+ Kg7 38. Qxc7 Rg1+ 39. Kf2 Rc1 40. Qc3 Kf8 41. Qd2 Rh1 42. Qxd6+ Re7 43. Qh6+ Kg8 44. Qg5+ Kf8 45. Kg2 Ra1 46. Qxh5 Re6 47. Qc5+ Kg7 48. Qd4+ Kf8 49. Kf2 b6 50. Ke2 Rh1 51. Kd3 Rh3+ 52. Kc4 Rc6+ 53. Kb5 Rxc2 54. Ka6 Rhh2 55. Kxa7 Rxb2 56. a4 Rhd2 57. Qh8+ Ke7 58. e5 Rd7+ 59. Ka6 Rdd2 60. Qf6+ Ke8 61. Kb7 Re2 62. Qh8+ Ke7 63. Qf6+ Ke8 64. Qc6+ Kf8 65. Qd6+ Kg8 66. Qd8+ Kg7 67. Qf6+ Kf8 68. Qh6+ Ke8 69. Qh8+ Ke7 70. Qf6+ Ke8 1/2-1/2

[Event "Massy 21th op"]
[Site "Massy "]
[Date "2009.06.30"]
[Round "?"]
[White "Gaudin, Roger"]
[Black "Bounya, Myriam"]
[Result "0-1"]
[WhiteElo "1600"]
[BlackElo "1824"]
[PlyCount "32"]
[EventDate "2009.06.27"]
[EventType "swiss"]
[EventRounds "7"]
[EventCountry "FRA"]
[SourceTitle "EXT 2010"]
[Source "ChessBase"]
[SourceDate "2010.11.25"]
[SourceVersion "1"]
[SourceVersionDate "2010.11.25"]
[SourceQuality "1"]

1. e4 d5 2. exd5 Nf6 3. c4 c6 4. Nc3 cxd5 5. d4 e6 6. Nf3 Nc6 7. b3 Bb4 8. Bd2 dxc4 9. Bxc4 Nxd4 10. Nxd4 Qxd4 11. Qc2 Qe5+ 12. Ne2 Qxa1+ 13. Nc1 Qe5+ 14. Ne2 Bxd2+ 15. Qxd2 0-0 16. 0-0 b6 0-1

[Event "Champigny sur Marne op 6th"]
[Site "Champigny sur Marne"]
[Date "2006.02.18"]
[Round "3"]
[White "Muller, Rodolphe"]
[Black "Gaudin, Roger"]
[Result "1-0"]
[WhiteElo "1620"]
[BlackElo "1460"]
[PlyCount "109"]
[EventDate "2006.02.16"]
[EventType "swiss"]
[EventRounds "6"]
[EventCountry "FRA"]
[SourceTitle "EXT 2007"]
[Source "ChessBase"]
[SourceDate "2006.11.23"]
[SourceVersion "1"]
[SourceVersionDate "2006.11.23"]
[SourceQuality "1"]

1. d4 d5 2. Bg5 g6 3. Nf3 Bg7 4. e3 Nf6 5. Nbd2 Bf5 6. c4 c6 7. cxd5 cxd5 8. Rc1 0-0 9. Be2 Nc6 10. a3 Re8 11. 0-0 Qb6 12. b4 a6 13. Qb3 e5 14. dxe5 Nxe5 15. Nxe5 Rxe5 16. Bf4 Ree8 17. Bc7 Qe6 18. Nf3 Ne4 19. Rfd1 Qe7 20. Bb6 Qf6 21. Bd4 Qe7 22. Bxg7 Kxg7 23. Nd4 Qg5 24. Qb2 Kg8 25. Nxf5 Qxf5 26. Bf3 Rac8 27. h3 Rxc1 28. Rxc1 Rc8 29. Rxc8+ Qxc8 30. Bxe4 dxe4 31. Qd2 Qc4 32. Qb2 Qd3 33. Qc1 Kg7 34. Qb2+ Kg8 35. a4 Qd1+ 36. Kh2 Qxa4 37. Qd4 Qc6 38. g3 b6 39. h4 a5 40. bxa5 bxa5 41. Qd8+ Kg7 42. Qxa5 Qf6 43. Qd2 Qf3 44. Kg1 Qg4 45. Qd6 h5 46. Kg2 g5 47. Qe5+ Kg6 48. hxg5 Qf3+ 49. Kg1 Qd1+ 50. Kh2 Qf3 51. Qf4 Qg4 52. Qf6+ Kh7 53. Qxf7+ Kh8 54. g6 Qg5 55. Qh7# 1-0

[Event "Champigny sur Marne op 6th"]
[Site "Champigny sur Marne"]
[Date "2006.02.16"]
[Round "1"]
[White "Ton, Stephane1111"]
[Black "Gaudin, Roger"]
[Result "1-0"]
[WhiteElo "1640"]
[BlackElo "1460"]
[PlyCount "75"]
[EventDate "2006.02.16"]
[EventType "swiss"]
[EventRounds "6"]
[EventCountry "FRA"]
[SourceTitle "EXT 2007"]
[Source "ChessBase"]
[SourceDate "2006.11.23"]
[SourceVersion "1"]
[SourceVersionDate "2006.11.23"]
[SourceQuality "1"]

1. e4 e6 2. d4 d5 3. exd5 exd5 4. Nf3 Nf6 5. h3 c5 6. c3 Nc6 7. Be3 b6 8. Bb5 Bd7 9. Nbd2 Bd6 10. Qc2 a6 11. Be2 cxd4 12. Nxd4 0-0 13. Nf5 Bc5 14. Bxc5 bxc5 15. 0-0 Re8 16. Rfe1 Qb6 17. b3 Re5 18. Ne3 Rae8 19. Nf3 R5e7 20. Ng5 Re5 21. Nf3 R5e7 22. Rad1 Ne5 23. Ng5 Bc6 24. Nf5 Rd7 25. Nf3 h6 26. Nxe5 Rxe5 27. Bf3 Rxe1+ 28. Rxe1 d4 29. Bxc6 d3 30. Qd2 Qxc6 31. Ne7+ Rxe7 32. Rxe7 Qd6 33. Re3 c4 34. bxc4 Qb6 35. Qxd3 Qb2 36. c5 Qxa2 37. c6 Nd5 38. Re8# 1-0

[Event "Champigny sur Marne op"]
[Site "Champigny sur Marne"]
[Date "2005.03.??"]
[Round "1"]
[White "Gaudin, Roger"]
[Black "Levraux, V."]
[Result "1-0"]
[WhiteElo "1510"]
[BlackElo "1199"]
[PlyCount "93"]
[EventDate "2005.03.??"]
[EventType "swiss"]
[EventRounds "7"]
[EventCountry "FRA"]
[SourceTitle "EXT 2007"]
[Source "ChessBase"]
[SourceDate "2006.11.23"]
[SourceVersion "1"]
[SourceVersionDate "2006.11.23"]
[SourceQuality "1"]

1. e4 e5 2. f4 exf4 3. Nf3 d6 4. Bc4 Nf6 5. 0-0 d5 6. Bxd5 Nxd5 7. exd5 Qxd5 8. d4 Nc6 9. Bxf4 Bd6 10. Nc3 Qf5 11. Bxd6 cxd6 12. Qe2+ Be6 13. d5 0-0 14. dxc6 bxc6 15. Nd4 Qg6 16. Nxe6 Qxe6 17. Qxe6 fxe6 18. Rxf8+ Rxf8 19. Rf1 Rf5 20. Rxf5 exf5 21. Kf2 Kf7 22. Ne2 Ke6 23. Nd4+ Kd5 24. Nxf5 g6 25. Ne7+ Kc5 26. Nc8 a5 27. Ke3 d5 28. Kd3 d4 29. Ne7 g5 30. Nf5 Kd5 31. Nxd4 c5 32. Nf3 h6 33. h3 c4+ 34. Kc3 a4 35. Nd2 h5 36. Nxc4 g4 37. hxg4 hxg4 38. Ne3+ Kc5 39. Nxg4 Kb5 40. Ne3 Ka5 41. g4 a3 42. bxa3 Ka4 43. g5 Kxa3 44. g6 Kxa2 45. g7 Kb1 46. g8Q Kc1 47. Qg1# 1-0